Score 0/20 Timer 04:00
3 Plays Today
Clue Word % Correct
Captain Jack Sparrow's drink of choiceRUM
98.2%
Walk fast
-or- Stage name of Joseph Simmons
RUN
97.2%
Male sheepRAM
96.6%
Biscuit spread
-or- First part of Jason Mizell's stage name
JAM
95.3%
'___ Just Not That Into You'HE'S
95.2%
Late night host Leno
-or- Fourth part of Jason Mizell's stage name
JAY
95%
What one feels when rejoicingJOY
94.9%
'I Saw ___ Standing There'HER
94.8%
Part of a Happy MealTOY
94.3%
'What's up, ___?'DOC
93.3%
Clue Word % Correct
OwnsHAS
92.7%
More, in Spanish
-or- Second part of Jason Mizell's stage name
MAS
91.8%
Place to keep loose changeJAR
91.7%
DefaceMAR
89.9%
Black gooTAR
89.5%
Longest river in ScotlandTAY
87.1%
Three times, on a prescription
-or- Third part of Jason Mizell's stage name
TER
85.9%
PixelDOT
82%
Cindy-Lou Who e.g.TOT
80.7%
DeLorean manufacturer
-or- Stage name of Darryl McDaniels
DMC
62.6%

Today's Daily Dose

Missing Word
I Hardly Know Her!

Word Ladder
Sentence Ending

Quick Pick
Female Firsts

Get the Picture
Triathlon Sports

Remove Ads.
Support Sporcle.
Get the best of Sporcle when you Go Orange. This ad-free experience offers more features, more stats, and more fun while also helping to support Sporcle. Thank you for becoming a member.

You're not logged in!

Compare scores with friends on all Sporcle quizzes.
OR
Log In

Show Comments

Extras

Top Quizzes Today


Score Distribution

Your Account Isn't Verified!

In order to create a playlist on Sporcle, you need to verify the email address you used during registration. Go to your Sporcle Settings to finish the process.

Report this User

Report this user for behavior that violates our Community Guidelines.

Details: